Statistics for Most Spoken Languages in the Year 2100

Click here to take the quiz!

General Stats

  • This quiz has been taken 76 times
  • The average score is 9 of 15

Answer Stats

HintAnswer% Correct
1720English
100%
467Spanish
96%
942Mandarin
94%
487French
88%
474Arabic
83%
598Hindi
81%
178Russian
79%
199Urdu
56%
245Bengali
52%
217Indonesian
37%
173Punjabi
31%
498Swahili
31%
388Portugese
25%
213Hausa
15%
279Lingala
4%

Score Distribution

Percentile by Number Answered

Percent of People with Each Score

Your Score History

You have not taken this quiz